Vedoucí pracoviště vědeckotechnického rozvoje věcná působnost a organizační začlenění

Uložené v:
Podrobná bibliografia
Médium: Kniha
Jazyk:Czech
Vydavateľské údaje: Praha Ústředí vědeckých, technických a ekonomických informací 1984
Edícia:Zdroje informací sv. 3
Tagy: Pridať tag
Žiadne tagy, Buďte prvý, kto otaguje tento záznam!

MARC

LEADER 00000nam a2200000 4500
001 c114076
005 20251204125259.9
041 0 |a cze 
044 |a CZ 
245 1 0 |a Vedoucí pracoviště vědeckotechnického rozvoje  |b věcná působnost a organizační začlenění 
264 1 |a Praha  |b Ústředí vědeckých, technických a ekonomických informací  |c 1984 
300 |a 305 s. 
490 1 |a Zdroje informací  |v sv. 3 
830 0 |a Zdroje informací  |v sv. 3